| 000 | 00480nam a22001577a 4500 | ||
|---|---|---|---|
| 003 | NUST | ||
| 082 | _a200 | ||
| 100 |
_aJaved, Waqar Ali _9119911 |
||
| 245 |
_aInternational Business Trip Turkey / _cWaqar Ali Javed |
||
| 264 |
_aIslamabad _bNBS NUST _c2023 |
||
| 300 |
_aill: _b31,p: _c30,cm. |
||
| 690 |
_aMS-Business Administration _9126244 |
||
| 700 |
_aSupervisor: Dr. Abdul Salam _9119943 |
||
| 856 | _uhttp://10.250.8.41:8080/xmlui/handle/123456789/38208 | ||
| 942 |
_2ddc _cSC |
||
| 999 |
_c607440 _d607440 |
||